| 000 | 00648cam a22002173a 4500 | ||
|---|---|---|---|
| 001 | 36651 | ||
| 003 | PGUSA | ||
| 005 | 20140828083810.0 | ||
| 008 | 110707s2011||||xxu|||||s|||||000 | eng d | ||
| 040 |
_aPGUSA _beng |
||
| 042 | _adc | ||
| 100 | 1 |
_aO'Keeffe, John, _d1747-1833 |
|
| 245 | 1 | 4 |
_aThe Castle of Andalusia : _bA Comic Opera, in Three Acts _h[electronic resource] / _cJohn O'Keeffe |
| 260 |
_bProject Gutenberg, _c2011 |
||
| 506 | _aPublic domain in the USA. | ||
| 516 | _aElectronic text | ||
| 700 | 1 |
_aInchbald, _cMrs, _d1753-1821 |
|
| 830 | 0 |
_aProject Gutenberg _v36651 |
|
| 856 | 4 | 0 | _uhttp://www.gutenberg.org/ebooks/36651 |
| 942 | _cEB | ||
| 999 |
_c265906 _d265906 |
||